000 00541nam a22001817a 4500
005 20131009124834.0
010 _aENG-108107
020 _c350.00
_a9788189438852
035 _aEN-91640
037 _bDBAD/PUB
082 _a881
100 _aBharati, Swadesh
245 _aThe ocean-beloved /
_cby Swadesh Bharati; translated from original Hindi version of Sagar Priya
260 _aKolkata
_bAsian Press
_c2012
270 _a3, Gibson Lane
_bKolkata
_e700069
300 _a176p.
_c22cm(Hb)
942 _2ddc
_cEN
_mBHA
_h881
999 _c77843
_d77843